Conveyancing and baked beans (Record no. 82106)
[ view plain ]
| 000 -LEADER | |
|---|---|
| fixed length control field | 01698cad a22002175a 4500 |
| 001 - CONTROL NUMBER | |
| control field | L149279 |
| 008 - FIXED-LENGTH DATA ELEMENTS--GENERAL INFORMATION | |
| fixed length control field | 100217s2010 xxk f 000 0 eng d |
| 035 ## - SYSTEM CONTROL NUMBER | |
| System control number | (Sirsi) u149279 |
| 041 0# - LANGUAGE CODE | |
| Language code of text/sound track or separate title | eng |
| 100 1# - MAIN ENTRY--PERSONAL NAME | |
| Personal name | Johnson, Tim |
| 245 00 - TITLE STATEMENT | |
| Title | Conveyancing and baked beans |
| Medium | [electronic resource] |
| 260 ## - PUBLICATION, DISTRIBUTION, ETC. | |
| Date of publication, distribution, etc. | 2010 |
| 490 ## - SERIES STATEMENT | |
| Series statement | RICS Residential Property Journal |
| Volume/sequential designation | Jan-Feb 2010, 4-6(3) |
| 520 ## - SUMMARY, ETC. | |
| Summary, etc. | For the property services market, the Legal Services Act 2007 is likely to have the following two effects on the profession: 1, the further commoditisation of residential conveyancing; and 2, the joining together of professionals to create "onestop shops" for the provision of property services. The Legal Services Act 2007 allows non-lawyers to invest in law firms for the first time, opening the way for the commoditisation of legal services. The author considers the possible impact on the property market of the so-called "Tesco law", with the Legal Services Act 2007 likely to become law in autumn 2010. The most significant change was the opening of the way for the introduction of Legal Disciplinary Practices (LDPs) and Multi-Disciplinary Practices (MDPs), probably in 2011. LDPs will offer solely legal services (in their many guises), whereas MDPs will offer a range of professional services. More significantly, for the first time, the Act allows non-lawyers to invest in law firms. |
| 590 ## - LOCAL NOTE (RLIN) | |
| Local note | KA |
| 650 24 - SUBJECT ADDED ENTRY--TOPICAL TERM | |
| Topical term or geographic name entry element | LEGAL SERVICES ACT 2007 |
| 651 #4 - SUBJECT ADDED ENTRY--GEOGRAPHIC NAME | |
| Geographic name | England and Wales |
| Chronological subdivision | 1543- |
| 690 ## - LOCAL SUBJECT ADDED ENTRY--TOPICAL TERM (OCLC, RLIN) | |
| Topical term or geographic name as entry element | PROPERTY-PROPERTY ACQUISITION AND DISPOSAL-CONVEYANCING |
| 856 40 - ELECTRONIC LOCATION AND ACCESS | |
| Uniform Resource Identifier | <a href="https://www.rics.org/site/download_feed.aspx?fileID=5567">https://www.rics.org/site/download_feed.aspx?fileID=5567</a> |
| Public note | View this item (member-only access) at www.rics.org |
| 942 ## - ADDED ENTRY ELEMENTS (KOHA) | |
| Suppress in OPAC | 0 |
| Withdrawn status | Lost status | Source of classification or shelving scheme | Damaged status | Not for loan | Home library | Current library | Shelving location | Date acquired | Total Checkouts | Full call number | Barcode | Date last seen | Copy number | Price effective from | Koha item type |
|---|---|---|---|---|---|---|---|---|---|---|---|---|---|---|---|
| Dewey Decimal Classification | Virtual | Virtual | Online | 17/02/2010 | ONLINE PUBLICATION | 149279-2001 | 06/08/2019 | 1 | 06/08/2019 | Journal article |